000 01581cam a22004334i 4500
003 PE-LiUPU
005 20250731172930.0
008 150623s r 000 0 d
035 _a(Sirsi) a20434
040 _aPE-LiUPU
_bspa
_cPE-LiUPU
_erda
082 0 4 _a286.732
_bR71J
_221
100 1 _aRobinson, Virgil E.,
_eautor.
245 1 0 _aJames White /
_cRobinson Virgil.
264 1 _aWashington, D. C. :
_bReview and Herald publishing association,
_c1976.
300 _a316 páginas :
_bilustraciones fotos ;
_c22 cm.
336 _atext
_2rdacontent
337 _aunmediated
_2rdamedia
338 _avolume
_2rdacarrier
504 _aBibliografía al final de cada capítulo.
505 0 _aSon of maine. -Heaven`s horseman. -Tarry but a night. -Crown and rejoicing. -No permanent resting place. -Laying the foundations.
526 _aSEG42
526 _aSEG41
526 _aSEG40
526 _aSEG39
526 _aP94
526 _aP87
526 _aP86
526 _aP85
526 _aP77
526 _aP76
526 _aP35
600 1 _aWhite, James Springer.
_d1821-1881
650 0 4 _aAdventistas del Séptimo Día
_zEstados Unidos
_vBiografía.
942 _2ddc
_cBOOK
949 _a286.732 R71J
_wDEWEY
_c1
_i43919
_lCCODEBUL1
_mBUL
_p00.00
_r0
_sY
_tBOOK
_u2015-06-24
_xTEOLOGIA
_PP35
_0COMPRA
_o.STAFF. Colección General
596 _a1
999 _a286.732 R71J
_wDEWEY
_c20705
_i43919
_f2021-11-11
_g6
_lCCODEBUL1
_mBUL
_r0
_sY
_tBOOK
_u2015-6-24
_xTEOLOGIA
_PP35
_0COMPRA
_o.STAFF. Colección General
_d20705
980 _81
_gALBERTO SANCHEZ Responsable de Automatización